000 00435pab a2200145 454500
008 180718b2005 xxu||||| |||| 00| 0 eng d
100 _aPratten, Stephen
245 _aEconomics as progress: the LSE approach to econometric modelling and critical realism as programmes for research
260 _c2005
300 _ap.179-205.
362 _aMar
650 _aEconometries
773 _aCambridge Journal of Economics
909 _a66496
999 _c66496
_d66496